000 00654nam a2200229Ia 4500
003 OSt
005 20230518150330.0
008 210423s2016 xx 000 0 und d
020 _a978-0-521-68325-5
040 _cAL
041 _aeng
082 _a428.07 RICA
100 _aRICHARDS (Jack C);RODGERS (Theodore S)
_9108459
245 _aApproaches and methods in language teaching Ed 2
260 _aDelhi
_bCambridge University Press
_c2016
300 _aix,270
_bPB
365 _b299
_cINR
650 _aEnglish Language
_9108460
650 _aLanguage
_9108461
906 _aApproaches ; Ed ; language ; methods ; teaching
942 _2ddc
_cBK
999 _c167767
_d167767